Investment management / (Record no. 17257)

MARC details
000 -LEADER
fixed length control field 00935 a2200253 4500
005 - DATE AND TIME OF LATEST TRANSACTION
control field 20080911143730.0
008 - FIXED-LENGTH DATA ELEMENTS--GENERAL INFORMATION
fixed length control field 080911t xxu||||| |||| 00| 0 eng d
010 ## - LCCN (DPL NO)
LC control number ENG-91441
020 ## - INTERNATIONAL STANDARD BOOK NUMBER
Terms of availability 295.00
International Standard Book Number 9788120334267
035 ## - SYSTEM CONTROL NUMBER
System control number EN-74974
037 ## - SOURCE OF ACQUISITION
Source of stock number/acquisition DBAD / PUB
040 ## - CATALOGING SOURCE
Original cataloging agency dpl
Language of cataloging English
082 ## - DEWEY DECIMAL CLASSIFICATION NUMBER
Classification number 332.6068
100 ## - MAIN ENTRY--PERSONAL NAME
Personal name Maheshwari, Yogesh
245 ## - TITLE STATEMENT
Title Investment management /
Statement of responsibility, etc by Yogesh Maheshwari
260 ## - PUBLICATION, DISTRIBUTION, ETC. (IMPRINT)
Place of publication, distribution, etc New Delhi
Name of publisher, distributor, etc PHI Learning
Date of publication, distribution, etc 2008
270 ## - ADDRESS
Address M-97, Connaught Circus
City NewDelhi
Postal code 110001
300 ## - PHYSICAL DESCRIPTION
Extent xiv, 317p.
Dimensions 25 cm. (pbk)
500 ## - GENERAL NOTE
General note Includes glossary, bibliographical references and index
650 ## - SUBJECT ADDED ENTRY--TOPICAL TERM
Topical term or geographic name as entry element Investments
650 ## - SUBJECT ADDED ENTRY--TOPICAL TERM
Topical term or geographic name as entry element Investment management
942 ## - ADDED ENTRY ELEMENTS (KOHA)
Institution code [OBSOLETE] dpl
Item type English Books
Source of classification or shelving scheme Dewey Decimal Classification
Call number suffix MAH
Classification part 332.6068
Holdings
Withdrawn status Lost status Source of classification or shelving scheme Damaged status Not for loan Collection code Home library Current library Date acquired Source of acquisition Cost, normal purchase price Total Checkouts Full call number Barcode Date last seen Copy number Cost, replacement price Koha item type
    Dewey Decimal Classification   Not For Loan Non-fiction D.B.Act.Division D.B.Act.Division 29/10/2008 DBAD / PUB 295.00   332.6068 MAH EN-74974 29/10/2008 1 295.00 English Books

© Delhi Public Library
Hit Counter
free hit counter